Manažment

Bibliographic Details
Main Author: Lorko, Martin (Author)
Format: Book
Language:Slovak
PhysicalDescription:99 s. sch. 30 cm
Published: V Košiciach Technická univerzita 2001
ISBN:8070996765
Subjects:

MARC

LEADER 00000nam a2200000 a 4500
001 vtls001428398
003 SK-MaSNL
005 20260301162600.0
008 251117s2001 xo a r y slo
015 |a SNBA2002/06-02028 
020 |a 8070996765 
035 |a SNK000383395 
035 |a urn:nbn:sk:snk-amyasw 
035 |a urn:nbn:sk:snk-am00c7x3 
035 |a 6D33F310-60AB-47EF-AEFC-DC15CD85999A 
040 |a SNK  |b slo  |c SNK  |e AACR2 
041 0 |a slo 
044 |a xo  |c SK 
080 |a 65.012.4(075.8)  |2 1981 
100 1 |a Lorko, Martin  |4 aut  |9 8926 
245 1 0 |a Manažment  |c Martin Lorko 
260 |a V Košiciach  |b Technická univerzita  |c 2001 
300 |a 99 s.  |b sch.  |c 30 cm 
500 |a Obalový názov 
500 |a Vyd. Fakulta výrobných technológií TU v Košiciach, so sídlom v Prešove 
500 |a 100 výt. 
504 |a Bibliogr. s. 99 
650 0 7 |a manažment  |x učebnice vysokých škôl  |2 SNK  |9 83259 
655 7 |a učebnice  |2 SNK  |9 22521 
752 |d Košice 
919 |a 80-7099-676-5 
958 |a TL 
958 |a NB 
958 |a UV 
999 |c 813764  |d 815694 
952 |t P60, <03>, [BOOK], {603}  |a SNK  |b SNK  |y PREZ  |7 0  |p 17A0334434  |o snkSB 64553  |i snkKSP 2283/2002  |0 0  |1 0  |4 0  |d 2002-02-22  |f 1  |l 0  |r 2025-04-14 00:00:00  |w 2026-02-24 
952 |t P60, <04>, [BOOK], {604}  |a SNK  |b SNK  |y VYP  |7 0  |p 17A0334435  |o snkSB 64553 D1  |i snkKSP 2284/2002  |0 0  |1 0  |4 0  |d 2002-02-22  |l 0  |r 2005-01-02 00:00:00  |w 2026-02-24